00377nam a2200157Ia 45000010006000000050017000060080041000230410008000640820017000721000030000892450041001192600009001603000034001696500008002036540008002112477920260414151106.0260414t2012||||xx |||||||||||||| ||spa|| aESP a345.733bR63 aRíos Hellig, JorgeeAUT 0aLa práctica del derecho notarialb c2012 axxii, 466 páginas :c23 cm. aDER aCDE